Sports Quiz

Random Sports or Baseball Quiz

Which Logo Is MLB? (Blitz) Quiz Stats

 Plays Quiz Updated Dec 13, 2018

Also try: MLB Logos
Challenge
Share
Tweet
Score 0/30 Timer 01:00
5 Plays Today
% Correct
Cubs
93.5%
Red Sox
92.9%
Cardinals
92.5%
Tigers
91.9%
Yankees
91.8%
Pirates
91.2%
White Sox
90.9%
Nationals
90.2%
Royals
89.1%
Angels
88.7%
Giants
87.9%
Blue Jays
87.9%
Rangers
87%
A's
87%
Padres
86.6%
% Correct
Marlins
86.5%
Reds
85.7%
Orioles
85.5%
Braves
84.5%
Dodgers
83.9%
Twins
83.2%
Astros
82.2%
Mets
81.9%
Mariners
81.8%
Rays
81.6%
Brewers
80.3%
Phillies
80.3%
Rockies
80%
Diamondbacks
78.5%
Indians
70%

You're not logged in!

Compare scores with friends on all Sporcle quizzes.
OR
Log In

You Might Also Like...

Show Comments

Extras

Top Quizzes Today


Score Distribution

Your Account Isn't Verified!

In order to create a playlist on Sporcle, you need to verify the email address you used during registration. Go to your Sporcle Settings to finish the process.

Report this User

Report this user for behavior that violates our Community Guidelines.

Details: